[Event "European Blitz 2015"]
[Site "Minsk BLR"]
[Date "2015.12.18"]
[Round "21.7"]
[White "Zubov, Alexander"]
[Black "Ragger, Markus"]
[Result "1/2-1/2"]
[WhiteTitle "GM"]
[BlackTitle "GM"]
[WhiteElo "2601"]
[BlackElo "2687"]
[WhiteFideId "14109409"]
[BlackFideId "1610856"]
[EventDate "2015.12.18"]
[EventType "swiss (blitz)"]

1. d4 d5 2. c4 c6 3. Nc3 Nf6 4. e3 a6 5. Bd3 Bg4 6. Qb3 b5 7. cxd5 cxd5 8. Nge2
Nc6 9. h3 Bxe2 10. Nxe2 e6 11. O-O Bd6 12. Bd2 O-O 13. Rfc1 Qd7 14. Qd1 Rfc8 15.
Be1 h6 16. a3 e5 17. dxe5 Nxe5 18. Bc3 Qe7 19. Bd4 Ne4 20. Nc3 Nxc3 21. Bxc3 Nc4
22. Be2 Be5 23. Bxe5 Qxe5 24. b3 Nd6 25. Bf3 Ne4 26. Qd3 Rc5 27. Qd4 Qxd4 28.
exd4 Rcc8 29. Bg4 Rd8 30. Rc2 a5 31. f3 Nd6 32. h4 b4 33. a4 f5 34. Bh3 g6 35.
h5 gxh5 36. Rc5 Nf7 37. Bxf5 Kg7 38. Be6 Rd6 39. Bxd5 Rad8 40. Bc4 Rxd4 41. Rxa5
Nd6 42. Bf1 Rc8 43. Ra7+ Kf6 44. a5 Rc3 45. Rb1 Rd2 46. a6 Ra2 47. Rh7 Nf5 48.
Re1 Rcc2 49. Re4 Ng3 50. Rxh6+ Kg7 51. Ree6 Nxf1 52. Rhg6+ Kf7 53. Rgf6+ Kg7 54.
Rg6+ Kf7 55. Rgf6+ 1/2-1/2

[Event "European Blitz 2015"]
[Site "Minsk BLR"]
[Date "2015.12.18"]
[Round "21.8"]
[White "Petrosian, Tigran L."]
[Black "Rakhmanov, Aleksandr"]
[Result "1-0"]
[WhiteTitle "GM"]
[BlackTitle "GM"]
[WhiteElo "2625"]
[BlackElo "2640"]
[WhiteFideId "13301616"]
[BlackFideId "4173708"]
[EventDate "2015.12.18"]
[EventType "swiss (blitz)"]

1. Nf3 Nf6 2. g3 g6 3. Bg2 Bg7 4. d4 O-O 5. O-O d5 6. c4 c6 7. cxd5 cxd5 8. Nc3
e6 9. Ne5 Bd7 10. e4 Nxe4 11. Nxe4 dxe4 12. Bxe4 Nc6 13. Nxc6 Bxc6 14. Bxc6 bxc6
15. Be3 Qd5 16. Qa4 Rfb8 17. b3 Qb5 18. Qa3 a5 19. Rfc1 a4 20. Rc5 Qb4 21. Qxb4
Rxb4 22. Rac1 Bxd4 23. Bxd4 Rxd4 24. Rxc6 axb3 25. Rc8+ Rxc8 26. Rxc8+ Kg7 27.
axb3 Rd1+ 28. Kg2 Rb1 29. Rb8 Rb2 30. b4 h5 31. b5 e5 32. Kf3 f5 33. b6 Rb3+ 34.
Ke2 Rb2+ 35. Ke3 Rb3+ 36. Kd2 e4 37. Kc2 Rb5 38. Kc3 Rb1 39. h4 g5 40. hxg5 Kg6
41. b7 Kg7 42. Kd4 Rb5 43. Ke3 Rb2 44. Kd4 Rb5 45. Kc4 Rb2 46. Kd5 Kf7 47. Rh8 1-0

[Event "European Blitz 2015"]
[Site "Minsk BLR"]
[Date "2015.12.18"]
[Round "21.9"]
[White "Kulaots, Kaido"]
[Black "Kovalenko, Igor"]
[Result "0-1"]
[WhiteTitle "GM"]
[BlackTitle "GM"]
[WhiteElo "2574"]
[BlackElo "2680"]
[WhiteFideId "4500261"]
[BlackFideId "14117908"]
[EventDate "2015.12.18"]
[EventType "swiss (blitz)"]

1. e4 e6 2. d4 d5 3. Nc3 Bb4 4. exd5 exd5 5. Bd3 Nf6 6. Ne2 O-O 7. O-O c6 8. Bf4
Re8 9. h3 Nbd7 10. a3 Be7 11. Ng3 Nf8 12. Nf5 Bxf5 13. Bxf5 Bd6 14. Bg5 h6 15.
Bh4 Ng6 16. Bxg6 fxg6 17. Qd3 g5 18. Bg3 Bxg3 19. Qxg3 Qb6 20. Qd3 Re7 21. Ne2
Rae8 22. Ng3 Re6 23. Nf5 Qc7 24. g3 Qf7 25. Ne3 Ne4 26. Ng4 Qf5 27. Kg2 Nd6 28.
Qxf5 Nxf5 29. c3 Re2 30. Rfb1 Rf8 31. Kf1 Nxg3+ 32. Kg1 Ne4 0-1

[Event "European Blitz 2015"]
[Site "Minsk BLR"]
[Date "2015.12.18"]
[Round "21.10"]
[White "Roiz, Michael"]
[Black "Melkumyan, Hrant"]
[Result "0-1"]
[WhiteTitle "GM"]
[BlackTitle "GM"]
[WhiteElo "2594"]
[BlackElo "2654"]
[WhiteFideId "2804158"]
[BlackFideId "13302485"]
[EventDate "2015.12.18"]
[EventType "swiss (blitz)"]

1. d4 Nf6 2. c4 c5 3. Nf3 g6 4. Nc3 cxd4 5. Nxd4 Bg7 6. e4 O-O 7. Be2 Nc6 8. Be3
d6 9. O-O Bd7 10. Qd2 Nxd4 11. Bxd4 Bc6 12. f3 Qa5 13. a3 Rfc8 14. b4 Qd8 15.
Rac1 a5 16. Rfd1 axb4 17. axb4 Be8 18. Kh1 Nd7 19. Bxg7 Kxg7 20. Nd5 f6 21. f4
Bf7 22. Bg4 Bxd5 23. exd5 f5 24. Bf3 Nf6 25. c5 dxc5 26. bxc5 Qa5 27. Qe3 Rc7
28. h3 Rac8 29. c6 bxc6 30. dxc6 Qb4 31. Qe5 Kf7 32. Rb1 Qa4 33. Re1 Qa3 34.
Qe6+ Kf8 35. Red1 Qa4 36. Qe5 Rxc6 37. Bxc6 Qxc6 38. Rb8 Kf7 39. Rxc8 Qxc8 40.
Kh2 h5 41. Rb1 Qc4 42. Rb7 Nd5 43. g3 Qc2+ 44. Kg1 Qc5+ 45. Kf1 Qc1+ 46. Kf2
Qd2+ 47. Qe2 Qd4+ 48. Kf3 Qc3+ 49. Kf2 Qc5+ 50. Kg2 Qc6 51. Qb2 Nxf4+ 52. Kf2
Nd3+ 0-1

[Event "European Blitz 2015"]
[Site "Minsk BLR"]
[Date "2015.12.18"]
[Round "21.11"]
[White "Kovalev, Vladislav"]
[Black "Ponkratov, Pavel"]
[Result "1-0"]
[WhiteTitle "GM"]
[BlackTitle "GM"]
[WhiteElo "2546"]
[BlackElo "2604"]
[WhiteFideId "13504398"]
[BlackFideId "4157800"]
[EventDate "2015.12.18"]
[EventType "swiss (blitz)"]

1. Nf3 Nf6 2. g3 b6 3. Bg2 Bb7 4. O-O c5 5. d3 d5 6. Nbd2 Nbd7 7. e4 Qc7 8. Re1
dxe4 9. dxe4 O-O-O 10. e5 Ng4 11. e6 fxe6 12. Ng5 Bxg2 13. Nxe6 Qb7 14. Nxd8
Kxd8 15. Qxg4 h5 16. Qe2 h4 17. Ne4 h3 18. Bf4 e5 19. Bg5+ Kc8 20. Rad1 Qc6 21.
Qg4 Kc7 22. Rd2 g6 23. Red1 Rh7 24. f3 c4 25. Rxg2 hxg2 26. Kxg2 b5 27. Be3 a6
28. h4 Rf7 29. Nc3 Bc5 30. Nd5+ Kb7 31. Qe4 Bxe3 32. Nxe3 Qxe4 33. fxe4 Nc5 34.
Rd5 Nxe4 35. Rxe5 Nd2 36. Re6 Nf3 37. Rxg6 Ne1+ 38. Kh3 Re7 39. Nd5 Re5 40. Rg7+
Kb8 41. Nf4 Nxc2 42. h5 Re1 43. Kg4 Ne3+ 44. Kg5 b4 45. h6 Rh1 46. h7 Rxh7 47.
Rxh7 c3 48. bxc3 bxc3 49. Ne2 1-0

[Event "European Blitz 2015"]
[Site "Minsk BLR"]
[Date "2015.12.18"]
[Round "21.12"]
[White "Aleksandrov, Aleksej"]
[Black "Guseinov, Gadir"]
[Result "1-0"]
[WhiteTitle "GM"]
[BlackTitle "GM"]
[WhiteElo "2615"]
[BlackElo "2646"]
[WhiteFideId "13500139"]
[BlackFideId "13401378"]
[EventDate "2015.12.18"]
[EventType "swiss (blitz)"]

1. Nf3 g6 2. d4 Bg7 3. e4 c5 4. d5 d6 5. h3 Nf6 6. Nc3 O-O 7. Be2 Na6 8. O-O Nc7
9. a4 a6 10. Re1 Rb8 11. a5 Nd7 12. Bf4 b5 13. axb6 Nxb6 14. Qd2 Re8 15. Rad1
Nd7 16. b3 Nb5 17. Na4 Qc7 18. Bf1 Nd4 19. Nxd4 cxd4 20. Nb2 Bb7 21. Ra1 Nc5 22.
Nd3 Rec8 23. Nxc5 Qxc5 24. Bc4 Qb6 25. Ra4 Rc5 26. Qd3 Rbc8 27. Bd2 Qd8 28. Bb4
R5c7 29. Ba5 h5 30. Bxc7 Qxc7 31. Bxa6 Bxa6 32. Rxa6 Qxc2 33. Qxc2 Rxc2 34. Rd1
Rb2 35. Rb6 h4 36. Rb7 Bf6 37. Kf1 Kf8 38. Rd3 Be5 39. Rc7 g5 40. Rc1 Kg7 41.
Rcd1 Bf4 42. Rxd4 Rxb3 43. Rc4 Rb7 44. Rc2 Kf6 45. Rd4 Ke5 46. Rdc4 Kf6 47. Ke2
Rb3 48. R4c3 Rb4 49. Kf3 Be5 50. Rc4 Rb3+ 51. Kg4 Rb1 52. Rc8 Rg1 53. Kf3 Rb1
54. Rg8 Bf4 55. Kg4 Ke5 56. Re2 Rg1 57. Kf3 Rb1 58. Re8 Kf6 59. Rc2 Rb3+ 60. Kg4
Rb4 61. g3 Be5 62. f4 gxf4 63. gxh4 Rxe4 64. h5 f3+ 65. Kxf3 Rh4 66. Kg2 Bd4 67.
Rc1 Rxh5 68. Rf1+ Ke5 69. Rxe7+ Kxd5 70. Rfxf7 Rg5+ 71. Kf3 Be5 72. h4 Rg3+ 73.
Kf2 Rh3 74. Rh7 Ke4 75. h5 d5 76. Re8 d4 77. h6 d3 78. Rhe7 Rh2+ 79. Kg1 Rh5 80.
Rxe5+ 1-0

[Event "European Blitz 2015"]
[Site "Minsk BLR"]
[Date "2015.12.18"]
[Round "21.13"]
[White "Popov, Ivan RUS"]
[Black "Zakhartsov, Vladimir"]
[Result "1-0"]
[WhiteTitle "GM"]
[BlackTitle "IM"]
[WhiteElo "2650"]
[BlackElo "2462"]
[WhiteFideId "4170350"]
[BlackFideId "4145097"]
[EventDate "2015.12.18"]
[EventType "swiss (blitz)"]

1. e4 c5 2. Nf3 d6 3. d4 Nf6 4. Nc3 cxd4 5. Nxd4 a6 6. h3 e5 7. Nde2 h5 8. g3
Be6 9. a4 Nc6 10. Bg2 Be7 11. Nd5 Rc8 12. O-O Bxd5 13. exd5 Na5 14. b3 h4 15.
Bd2 b6 16. Rc1 Nd7 17. c4 Bg5 18. f4 exf4 19. gxf4 Bf6 20. Nc3 O-O 21. Ne4 Bd4+
22. Kh1 Bb2 23. Rc2 Bf6 24. Nxd6 Nxb3 25. Nxc8 Qxc8 26. Be3 Nbc5 27. Re2 a5 28.
Rfe1 Qa6 29. Qc2 Rc8 30. Bxc5 bxc5 31. Re8+ Rxe8 32. Rxe8+ Nf8 33. Qb3 g6 34.
Qb5 Qd6 35. Qb8 Qxb8 36. Rxb8 Kg7 37. d6 Ne6 38. d7 Nd8 39. Bd5 Kf8 40. Rc8 Be7
41. Kg2 f5 42. Kf3 Kg7 43. Ra8 Kf8 44. Rxa5 Bd6 45. Ra7 Ke7 46. a5 1-0

[Event "European Blitz 2015"]
[Site "Minsk BLR"]
[Date "2015.12.18"]
[Round "21.14"]
[White "Gunina, Valentina"]
[Black "Milov, Vadim"]
[Result "1-0"]
[WhiteTitle "GM"]
[BlackTitle "GM"]
[WhiteElo "2502"]
[BlackElo "2615"]
[WhiteFideId "4167570"]
[BlackFideId "1304364"]
[EventDate "2015.12.18"]
[EventType "swiss (blitz)"]

1. d4 Nf6 2. c4 g6 3. Nc3 Bg7 4. e4 d6 5. f3 O-O 6. Nge2 e5 7. d5 c6 8. Be3 cxd5
9. cxd5 Nbd7 10. Qd2 a6 11. g4 h5 12. Bg5 Qe8 13. h3 Nh7 14. Bh4 Bf6 15. Bxf6
Ndxf6 16. Rg1 Kh8 17. O-O-O Qe7 18. Kb1 Bd7 19. Nc1 h4 20. Qf2 g5 21. Qb6 Bc8
22. Nb3 Nd7 23. Qc7 Nhf6 24. Na4 Ne8 25. Qa5 Rb8 26. Rc1 b6 27. Qb4 Nc5 28.
Naxc5 dxc5 29. Nxc5 a5 30. Qb3 Nd6 31. Nd3 f6 32. Rc6 b5 33. Qa3 Rd8 34. Qxa5
Bd7 35. Rc7 Rdc8 36. Nc5 Qd8 37. Rxc8 Qxc8 38. Qb4 Be8 39. Be2 Qc7 40. Rc1 Qb6
41. a3 Kg8 42. Ne6 Bd7 43. Rc6 Bxc6 44. Qxd6 1-0

[Event "European Blitz 2015"]
[Site "Minsk BLR"]
[Date "2015.12.18"]
[Round "21.15"]
[White "Rozum, Ivan"]
[Black "Navara, David"]
[Result "0-1"]
[WhiteTitle "GM"]
[BlackTitle "GM"]
[WhiteElo "2559"]
[BlackElo "2730"]
[WhiteFideId "24104272"]
[BlackFideId "309095"]
[EventDate "2015.12.18"]
[EventType "swiss (blitz)"]

1. d4 Nf6 2. c4 e6 3. g3 c5 4. d5 exd5 5. cxd5 d6 6. Nc3 g6 7. Bg2 Bg7 8. Nf3
O-O 9. O-O Re8 10. Bf4 Ne4 11. Nxe4 Rxe4 12. Nd2 Rxf4 13. gxf4 Bxb2 14. Rb1 Bg7
15. e4 b6 16. e5 Bf5 17. Rb3 Nd7 18. e6 Nf6 19. Nc4 Nh5 20. Qf3 Rc8 21. Re1 Bh6
22. e7 Qd7 23. Nxd6 Qxd6 24. e8=Q+ Rxe8 25. Rxe8+ Kg7 26. Qc3+ f6 27. Qe1 Bxf4
28. Qe7+ Kh6 29. Qxd6 Bxd6 30. Bh3 c4 31. Rc3 Bd3 32. Bf1 Nf4 33. Rxc4 Bxc4 34.
Bxc4 Bc5 35. Kf1 Nh3 36. f3 Ng5 37. Ke2 Nf7 38. Ra8 a5 39. Bb3 Nd6 40. a4 Kg5
41. Rd8 Kf4 42. Rd7 h5 43. Bc2 g5 44. Rh7 h4 45. Rh6 Ke5 46. Bb3 Nf5 47. Rh8
Nd4+ 48. Kd3 Nxb3 49. Rd8 Nd4 50. Kc4 Nxf3 51. Re8+ Kf5 52. h3 g4 53. hxg4+ Kxg4 0-1

[Event "European Blitz 2015"]
[Site "Minsk BLR"]
[Date "2015.12.18"]
[Round "21.16"]
[White "Kryakvin, Dmitry"]
[Black "Bortnyk, Olexandr"]
[Result "1/2-1/2"]
[WhiteTitle "GM"]
[BlackTitle "GM"]
[WhiteElo "2529"]
[BlackElo "2552"]
[WhiteFideId "4153278"]
[BlackFideId "14120828"]
[EventDate "2015.12.18"]
[EventType "swiss (blitz)"]

1. d4 d6 2. Nf3 Nf6 3. c4 g6 4. Nc3 Bf5 5. e3 Bg7 6. Bd3 Bxd3 7. Qxd3 O-O 8. O-O
c6 9. b3 Re8 10. Bb2 d5 11. e4 dxe4 12. Nxe4 Nxe4 13. Qxe4 Nd7 14. Rfe1 a5 15.
a4 e6 16. Rad1 Qb6 17. Qc2 Rad8 18. h3 c5 19. d5 Bxb2 20. Qxb2 exd5 21. Rxe8+
Rxe8 22. Rxd5 Nf6 23. Rd1 Rd8 24. Qc2 Rxd1+ 25. Qxd1 Kg7 26. Qd3 Qe6 27. Qc3 b6
28. Qe5 Qxe5 29. Nxe5 Ne4 30. Nd7 Nd2 31. Nxb6 Nxb3 32. Kf1 Kf6 33. Ke2 Ke5 34.
Kd3 f5 35. Nd5 Nc1+ 36. Kd2 Na2 37. Ke3 Nb4 38. f4+ Kd6 39. Nc3 Ke6 40. Nb5 Nc2+
41. Kd2 Nb4 42. Ke3 Kd7 43. Kd2 Kc6 44. Na7+ Kd7 45. Nb5 Kc6 46. Na7+ Kd7 1/2-1/2

[Event "European Blitz 2015"]
[Site "Minsk BLR"]
[Date "2015.12.18"]
[Round "21.17"]
[White "Putka, Verners"]
[Black "Chigaev, Maksim"]
[Result "0-1"]
[BlackTitle "IM"]
[WhiteElo "2307"]
[BlackElo "2526"]
[WhiteFideId "11600659"]
[BlackFideId "4108116"]
[EventDate "2015.12.18"]
[EventType "swiss (blitz)"]

1. d4 Nf6 2. Nc3 d5 3. Bf4 e6 4. e3 Bb4 5. Bd3 O-O 6. Ne2 b6 7. O-O c5 8. Ng3
Bxc3 9. bxc3 Ba6 10. Nh5 Nxh5 11. Qxh5 Bxd3 12. cxd3 Nd7 13. a4 Rc8 14. Rfb1
cxd4 15. cxd4 Rc3 16. Qe2 Qc8 17. a5 Qc6 18. axb6 axb6 19. h3 Rc8 20. Ra7 h6 21.
Bg3 Rc1+ 22. Rxc1 Qxc1+ 23. Kh2 Qc6 24. Qb2 Nf6 25. Qb4 b5 26. Ra5 h5 27. Rxb5
h4 28. Be5 Qc2 29. Qb2 Qxd3 30. Rb8 Rxb8 31. Qxb8+ Kh7 32. Qc7 Qf5 33. Kg1 Kg6
34. Qc3 Qb1+ 35. Kh2 Qe4 36. Qb2 Kf5 37. Qb7 Qxe5+ 38. Kg1 Kg6 39. Qe7 0-1

[Event "European Blitz 2015"]
[Site "Minsk BLR"]
[Date "2015.12.18"]
[Round "21.18"]
[White "Inarkiev, Ernesto"]
[Black "Mikhalevski, Victor"]
[Result "1-0"]
[WhiteTitle "GM"]
[BlackTitle "GM"]
[WhiteElo "2668"]
[BlackElo "2535"]
[WhiteFideId "4162722"]
[BlackFideId "2801914"]
[EventDate "2015.12.18"]
[EventType "swiss (blitz)"]

1. Nf3 Nf6 2. b3 g6 3. Bb2 Bg7 4. e4 d6 5. Qe2 e5 6. Nc3 O-O 7. O-O-O Nc6 8. d4
Nxd4 9. Nxd4 exd4 10. Rxd4 Ng4 11. Rd1 Qg5+ 12. Kb1 Qc5 13. f3 Bxc3 14. fxg4
Bxb2 15. Kxb2 Re8 16. Rd5 Qb4 17. c4 Be6 18. Rb5 Qxb5 19. cxb5 Bd5 20. exd5 1-0

[Event "European Blitz 2015"]
[Site "Minsk BLR"]
[Date "2015.12.18"]
[Round "21.19"]
[White "Movsesian, Sergei"]
[Black "Kalinin, Michail Borisovich"]
[Result "1-0"]
[WhiteTitle "GM"]
[WhiteElo "2659"]
[BlackElo "2380"]
[WhiteFideId "310204"]
[BlackFideId "4144104"]
[EventDate "2015.12.18"]
[EventType "swiss (blitz)"]

1. e4 e6 2. d4 d5 3. e5 c5 4. c3 Nc6 5. Nf3 Qb6 6. Be2 Bd7 7. O-O a5 8. c4 dxc4
9. Na3 cxd4 10. Nxc4 Qa7 11. Bg5 h6 12. Bh4 b5 13. Nd6+ Bxd6 14. exd6 Qc5 15.
Rc1 Qxd6 16. Bxb5 Nge7 17. Qa4 e5 18. Bxe7 Nxe7 19. Nxe5 Qxe5 20. Bxd7+ Kf8 21.
Rfe1 Qd6 22. Red1 d3 23. Bb5 Qb4 24. Rxd3 g6 25. g3 Kg7 26. Qxb4 axb4 27. Rc7
Nf5 28. Bc4 Rhf8 29. Rdd7 h5 30. Bxf7 Kh6 31. h4 Rad8 32. Be6 Rxd7 33. Rxd7 Ng7
34. Bb3 Rb8 35. Bc2 Nf5 36. Kg2 Rb6 37. Bd3 Rc6 38. Rb7 Nd4 39. Rxb4 Rd6 40. Be4
Ne6 41. Rc4 Ng7 42. Rc6 1-0

[Event "European Blitz 2015"]
[Site "Minsk BLR"]
[Date "2015.12.18"]
[Round "21.20"]
[White "Popov, Valerij"]
[Black "Veremeichik, Vladimir"]
[Result "1/2-1/2"]
[WhiteTitle "GM"]
[WhiteElo "2528"]
[BlackElo "2298"]
[WhiteFideId "4119410"]
[BlackFideId "13500384"]
[EventDate "2015.12.18"]
[EventType "swiss (blitz)"]

1. Nf3 c5 2. c4 g6 3. d4 cxd4 4. Nxd4 Bg7 5. e4 Nc6 6. Be3 Nf6 7. Nc3 d6 8. Be2
O-O 9. O-O Bd7 10. Qd2 Nxd4 11. Bxd4 Bc6 12. f3 Nd7 13. Be3 a5 14. b3 Nc5 15.
Rab1 Be5 16. Bg5 Re8 17. Rfc1 Qb6 18. Kh1 Qb4 19. Nd5 Bxd5 20. exd5 Qxd2 21.
Bxd2 e6 22. dxe6 Rxe6 23. Bf1 b6 24. g3 Bd4 25. Rd1 Bg7 26. Bf4 Be5 27. Bh6 Bg7
28. Bg5 Rae8 29. Kg2 h5 30. Kf2 Kh7 31. Rd2 Bh6 32. Bxh6 Kxh6 33. Rbd1 Rd8 34.
Bd3 Kg7 35. Bc2 Kf6 36. a3 Ke7 37. Ra1 Nd7 38. h4 Rc8 39. Rb1 Rc5 40. Be4 Nf6
41. Bd3 Nd7 42. b4 axb4 43. axb4 Rc7 44. Bf1 Ne5 45. Rd4 Nc6 46. Rd5 Ne5 47. Rc1
Ra7 48. Rc2 Ra4 49. Rb5 Nd7 50. f4 Ra3 51. f5 Ree3 52. Re2 Rxe2+ 53. Bxe2 Rc3
54. fxg6 fxg6 55. Rg5 Kf6 56. Rd5 Ke7 57. Rd3 Rxd3 58. Bxd3 Ne5 59. Be2 Ke6 60.
Ke3 d5 61. cxd5+ Kxd5 62. Kf4 Ke6 63. Kg5 Kf7 64. Bd1 Kg7 65. b5 Nf7+ 66. Kf4
Kf6 67. Ke4 Nd6+ 68. Kd5 Nxb5 69. Kc6 Nd4+ 70. Kxb6 Nf5 71. g4 hxg4 72. Bxg4
Nxh4 1/2-1/2

[Event "European Blitz 2015"]
[Site "Minsk BLR"]
[Date "2015.12.18"]
[Round "21.21"]
[White "Kuzin, Anton"]
[Black "Landa, Konstantin"]
[Result "0-1"]
[WhiteTitle "IM"]
[BlackTitle "GM"]
[WhiteElo "2409"]
[BlackElo "2625"]
[WhiteFideId "4148410"]
[BlackFideId "4101685"]
[EventDate "2015.12.18"]
[EventType "swiss (blitz)"]

1. d4 d5 2. Nf3 Nf6 3. e3 c5 4. c3 cxd4 5. exd4 Nc6 6. Bd3 Bg4 7. O-O e6 8. Nbd2
Bd6 9. Qb3 Qc7 10. Re1 O-O 11. a4 a6 12. h3 Bh5 13. Qc2 Rfc8 14. Qb1 Rab8 15. b4
Bg6 16. Bxg6 hxg6 17. b5 Na5 18. Ba3 Bf4 19. Bb4 Bxd2 20. Nxd2 Nc4 21. Nxc4 Qxc4
22. Bd6 Ra8 23. bxa6 bxa6 24. Re3 Ne4 25. Be5 Nxc3 26. Qb7 Qc6 27. Qe7 Re8 28.
Qg5 Ne4 29. Qh4 g5 30. Qh5 f6 31. Bg3 Nd6 32. Rae1 Nf5 33. Rd3 Rac8 34. Kh2 Nxg3
35. Rxg3 Qc7 36. Kh1 Qf7 37. Qg4 Rc4 38. Rge3 e5 39. Rd1 Rxa4 40. Qf5 e4 41. Rc3
Rc4 42. Rb3 Rc6 43. Rdb1 Rce6 44. Rb7 R6e7 45. R7b6 a5 46. Ra6 e3 47. fxe3 Rxe3
48. Rxa5 Re1+ 49. Rxe1 Rxe1+ 50. Kh2 Qc7+ 51. g3 Re2+ 52. Kg1 Qxa5 53. Qc8+ Kf7 0-1

[Event "European Blitz 2015"]
[Site "Minsk BLR"]
[Date "2015.12.18"]
[Round "21.22"]
[White "Romanov, Evgeny"]
[Black "Kochetkov, German"]
[Result "0-1"]
[WhiteTitle "GM"]
[BlackTitle "IM"]
[WhiteElo "2590"]
[BlackElo "2338"]
[WhiteFideId "4148843"]
[BlackFideId "13500635"]
[EventDate "2015.12.18"]
[EventType "swiss (blitz)"]

1. d4 Nf6 2. Nf3 c5 3. d5 b5 4. c4 e6 5. dxe6 fxe6 6. cxb5 Bb7 7. e3 Be7 8. Be2
O-O 9. O-O a6 10. bxa6 Nxa6 11. b3 Nb4 12. a3 Be4 13. Nc3 Bc2 14. Qd2 Bg6 15.
Ne5 Be8 16. Bf3 d5 17. Bb2 Nc6 18. Nxc6 Bxc6 19. Rac1 Qb6 20. Bd1 e5 21. Bc2 d4
22. exd4 exd4 23. Ne2 Ne4 24. Qd3 Bg5 25. f4 Bh6 26. Ng3 Nf6 27. Rce1 Bb5 28.
Qf3 Bxf1 29. Rxf1 c4 30. Nf5 c3 31. Bc1 Rfe8 32. Kh1 Rad8 33. b4 Kh8 34. Bd3 Qe6
35. g4 Ne4 36. Kg2 Nd2 37. Bxd2 cxd2 38. g5 Rf8 39. gxh6 Rxf5 40. hxg7+ Kg8 41.
Qg4 0-1

[Event "European Blitz 2015"]
[Site "Minsk BLR"]
[Date "2015.12.18"]
[Round "21.23"]
[White "Gritsenko, Nikolai"]
[Black "Zubritskiy, Artyom"]
[Result "1/2-1/2"]
[WhiteTitle "FM"]
[BlackTitle "FM"]
[WhiteElo "2309"]
[BlackElo "2422"]
[WhiteFideId "14112493"]
[BlackFideId "4181247"]
[EventDate "2015.12.18"]
[EventType "swiss (blitz)"]

1. d4 d5 2. c4 Nc6 3. Nc3 dxc4 4. Nf3 Nf6 5. d5 Na5 6. Bg5 e6 7. e4 Be7 8. Qa4+
c6 9. dxc6 Nxc6 10. Bxc4 O-O 11. O-O a6 12. Rfd1 Qc7 13. Rac1 Bd7 14. Qc2 Rfd8
15. Qe2 Ng4 16. Bxe7 Nxe7 17. h3 Ne5 18. Nxe5 Qxe5 19. a3 Bc6 20. Rxd8+ Rxd8 21.
Rd1 Rd4 22. Rxd4 Qxd4 23. Qd3 Qxd3 24. Bxd3 Ng6 25. g3 e5 26. Kf1 Kf8 27. Ke2
Ke7 28. Ke3 Nf8 29. Bc4 Ne6 30. Bxe6 Kxe6 31. Na2 a5 32. Nc1 Kd6 33. Nd3 Bb5 34.
b3 f6 35. h4 b6 36. Nb2 Kc5 37. Nd3+ Kd6 38. Nb2 Bd7 39. Kd3 Be6 40. Kc3 Kc6 41.
Nc4 Bd7 42. Ne3 Be6 43. Nc4 h6 44. Ne3 Kd6 45. Nc4+ Kc6 46. Ne3 Kc5 47. b4+
axb4+ 48. axb4+ Kc6 49. h5 Kd6 50. g4 Kc6 51. Nf5 Bxf5 52. gxf5 b5 1/2-1/2

[Event "European Blitz 2015"]
[Site "Minsk BLR"]
[Date "2015.12.18"]
[Round "21.24"]
[White "Johannessen, Leif Erlend"]
[Black "Sysolyatin, Evgeny"]
[Result "1-0"]
[WhiteTitle "GM"]
[BlackTitle "FM"]
[WhiteElo "2487"]
[BlackElo "2289"]
[WhiteFideId "1501674"]
[BlackFideId "4154916"]
[EventDate "2015.12.18"]
[EventType "swiss (blitz)"]

1. d4 d5 2. c4 dxc4 3. e3 Nf6 4. Bxc4 e6 5. Nf3 a6 6. O-O c5 7. Nc3 b5 8. Be2
Nc6 9. dxc5 Qxd1 10. Rxd1 Bxc5 11. Nd2 Bb7 12. Nb3 Bb6 13. a4 b4 14. a5 Ba7 15.
Na4 Ke7 16. Nac5 Bxc5 17. Nxc5 Bc8 18. e4 e5 19. Be3 Rd8 20. f3 Rxd1+ 21. Bxd1
Nd7 22. Nb3 Bb7 23. Be2 Rc8 24. Kf2 Rc7 25. Rd1 Ncb8 26. Bd2 Nc6 27. Rc1 Kd8 28.
Bc4 f6 29. Be3 Rc8 30. Be6 Ke7 31. Bh3 Rc7 32. Bb6 Rc8 33. Bxd7 Kxd7 34. Nc5+ 1-0

[Event "European Blitz 2015"]
[Site "Minsk BLR"]
[Date "2015.12.18"]
[Round "21.25"]
[White "Pankov, German"]
[Black "Skliarov, Viktor"]
[Result "0-1"]
[WhiteTitle "IM"]
[BlackTitle "FM"]
[WhiteElo "2404"]
[BlackElo "2420"]
[WhiteFideId "4174569"]
[BlackFideId "14106736"]
[EventDate "2015.12.18"]
[EventType "swiss (blitz)"]

1. d4 Nf6 2. Bg5 Ne4 3. Bf4 c5 4. d5 Qb6 5. Bc1 e6 6. c3 exd5 7. Qxd5 Nf6 8. Qb3
d5 9. Nf3 Nc6 10. Bg5 Qxb3 11. axb3 Be7 12. Nbd2 h6 13. Bxf6 Bxf6 14. e4 d4 15.
Rc1 dxc3 16. bxc3 Be6 17. Bc4 Ke7 18. Bxe6 Kxe6 19. Ke2 Rhd8 20. Nc4 b5 21. Ne3
Ne7 22. c4 b4 23. Nd5 Nxd5 24. cxd5+ Kd6 25. Nd2 Bc3 26. Nc4+ Kc7 27. Rhd1 a5
28. e5 a4 29. d6+ Kb7 30. bxa4 Rxa4 31. f4 Ra2+ 32. Kf3 Bd4 33. Ne3 Ra3 34. Re1
b3 35. Ke4 b2 36. Rb1 Kc6 37. Nc4 Ra2 38. Re2 Rb8 39. f5 Ra1 40. Ree1 Rb4 41.
Kd3 Raa4 42. e6 Rxc4 43. e7 Rc3+ 44. Kd2 Ra8 45. e8=Q+ Rxe8 46. Rxe8 Kxd6 47.
Rxb2 Ra3 48. Rb6+ Kd5 49. Rd8+ Kc4 50. Rb1 Ra2+ 51. Kd1 Rxg2 52. Rd7 Rg1+ 53.
Kc2 Rg2+ 54. Kd1 Rxh2 55. Rc1+ Kd3 56. Re7 Rh1+ 57. Re1 Rxe1+ 58. Kxe1 c4 59.
Rd1+ Ke3 60. Rc1 c3 61. Kd1 Kd3 62. Rc2 h5 63. Rh2 Be3 64. Rg2 h4 65. Rh2 h3 66.
Ra2 Bg1 67. f6 gxf6 68. Rd2+ 0-1

[Event "European Blitz 2015"]
[Site "Minsk BLR"]
[Date "2015.12.18"]
[Round "21.26"]
[White "Kazakovskiy, Valeriy"]
[Black "Ladva, Ottomar"]
[Result "0-1"]
[WhiteTitle "IM"]
[BlackTitle "IM"]
[WhiteElo "2342"]
[BlackElo "2401"]
[WhiteFideId "13507443"]
[BlackFideId "4500024"]
[EventDate "2015.12.18"]
[EventType "swiss (blitz)"]

1. d4 Nf6 2. Nf3 e6 3. c4 b6 4. g3 Ba6 5. b3 b5 6. cxb5 Bxb5 7. Bg2 Bb4+ 8. Bd2
a5 9. O-O Bc6 10. a3 Bxd2 11. Qxd2 Qc8 12. Nc3 O-O 13. Qc2 Qb7 14. Ne1 Bxg2 15.
Nxg2 Rc8 16. Na4 Na6 17. Nc5 Nxc5 18. dxc5 Rcb8 19. Rab1 Qc6 20. Nf4 Rb5 21. Nd3
Rab8 22. f3 Qb7 23. Qd2 Qa7 24. Qc2 d6 25. Kg2 Nd5 26. Qd2 dxc5 27. e4 Nf6 28.
Ne5 Qb7 29. Rfd1 h6 30. Nc4 a4 31. Qc3 Rxb3 32. Rxb3 Qxb3 33. Qxb3 Rxb3 34. Rc1
Nd7 35. Kf2 Nb6 36. Ne5 f6 37. Nc4 Kf7 38. h4 Ke7 39. Na5 Rb5 40. Nc6+ Kd6 41.
Nd8 Rb2+ 42. Ke3 Rb3+ 43. Ke2 c4 44. Nb7+ Ke7 45. Na5 Rxa3 46. Nxc4 Nxc4 47.
Rxc4 Kd6 48. h5 c5 49. g4 Ra2+ 50. Ke3 Ra1 51. Rc3 a3 52. Kd3 a2 0-1